MAASAI MARA UNIVERSITY

LIBRARY CATALOGUE

Contact Us: +254 020 2685356/7 or 0774 057787

Box: 861-20500, NAROK, KENYA

Email: info@mmarau.ac.ke

_The Encyclopedia of EarthQuakes And Volcanoes (Record no. 12678)

MARC details
000 -LEADER
fixed length control field 00451nam a2200157Ia 4500
008 - FIXED-LENGTH DATA ELEMENTS--GENERAL INFORMATION
fixed length control field 151021s9999 xx 000 0 und d
020 ## - INTERNATIONAL STANDARD BOOK NUMBER
International Standard Book Number 816026599
050 ## - LIBRARY OF CONGRESS CALL NUMBER
Classification number QE 521.R58 1994
245 ## - TITLE STATEMENT
Title _The Encyclopedia of EarthQuakes And Volcanoes
260 ## - PUBLICATION, DISTRIBUTION, ETC. (IMPRINT)
Place of publication, distribution, etc. U.S.A Facts On File 1994
300 ## - PHYSICAL DESCRIPTION
Extent 322p,;Ill
500 ## - GENERAL NOTE
General note Includes Index
500 ## - GENERAL NOTE
General note Includes Index
650 ## - SUBJECT ADDED ENTRY--TOPICAL TERM
Topical term or geographic name as entry element _Earthquakes Encyclopedias
980 ## - EQUIVALENCE OR CROSS-REFERENCE-SERIES STATEMENT--PERSONAL NAME/TITLE [LOCAL, CANADA]
Personal name ^d20120830 11:33:27^okorir

No items available.

© 2016 Maasai Mara University.